Größte Städte am Rhein - Statistiken

Allgemein
  • Dieses Quiz wurde 84 mal gespielt
  • Das Durchschnittsergebnis liegt bei 10 aus 15
Antwortstatistiken
Hint Antwort % Korrekt
1.100.000 Köln
100%
619.000 Düsseldorf
99%
323.000 Bonn
90%
227.000 Mainz
86%
326.000 Mannheim
82%
289.000 Wiesbaden
77%
508.000 Duisburg
75%
309.000 Karlsruhe
68%
672.000 Rotterdam
68%
170.000 Leverkusen
66%
177.000 Ludwigshafen am Rhein
65%
184.000 Basel
62%
237.000 Krefeld
52%
294.000 Straßburg
38%
189.000 Nijmegen
21%
Keine übereinstimmenden Quizze gefunden
Verteilung der Resultate
Anzahl Personen mit jedem Resultat
Perzentil nach korrekt beantworteten Fragen
Ihre Resultats-Entwicklung
Sie haben dieses Quiz noch nicht gespielt